Matemáticas 1 : (Registro nro. 9475)

Detalles MARC
000 -LIDER
fixed length control field 01545nam a2200373 a 4500
001 - NÚMERO DE CONTROL
Identificador de número de control 00128
003 - IDENTIFICACDOR DE NÚMERO DE CONTROL
control field DO-SdBNP
005 - DATE AND TIME OF LATEST TRANSACTION
control field 20180309093154.0
007 - CAMPOS FIJOS DE DESCRIPCIÓN FÍSICA
fixed length control field 00128
008 - ELEMENTOS DE LONGITUD FIJA
fixed length control field 160331b dr 2008 ||||| |||| 00| 0 spa d
020 ## - ISBN
International Standard Book Number 9789945111927 (v.1) Guía
020 ## - ISBN
International Standard Book Number 9789945112573 (v. 1) Cuaderno
040 ## - FUENTE DE CATALOGACIÓN
Agencia que crea de manera original el registro BPMSU
Idioma de catalogación spa
Agencia que realiza la transcripción BPMSU
092 ## - LOCALLY ASSIGNED DEWEY DECIMAL CALL NUMBER
Número de clasificación 372.7
Número de ítem (Cutter) S237m , 3ro , 2008
100 1# - ASIENTO PRINCIPAL -- NOMBRE PERSONAL
Nombre personal Santos, Altagracia
245 10 - MENCIÓN DE TITULO
Título Matemáticas 1 :
Subtítulo educación básica /
Mención de responsabilidad Altagracia Santos ; dirección editorial Obdulia García de Escobar ; Andrés Molina Maloon
260 ## - PUBLICACIÓN, DISTRIBUCIÓN, ETC. (PIE DE IMPRENTA)
Lugar de publicación, distribución, etc Santo Domingo :
Nombre del editor, distribuidor, etc. Santillana,
Fecha de publicación, distribución, etc 2008.
300 ## - DESCRIPCIÓN FÍSICA
Extensión 2 v
Otros detalles físicos il., retrs. ;
Dimensiones 30 cm.
Material complementario + CD-ROM
490 1# - MENCIÓN DE SERIES
Mención de serie Coral
500 ## - NOTA GENERAL
Nota general La biblioteca posee la guía y el cuaderno
505 0# - NOTA DE CONTENIDO
Información miscelánea v. 2. - Guía.
Título Unidades de millar --
-- Suma y resta --
-- La multiplicación --
-- La división --
-- Decenas de millar --
-- Las fracciones --
-- Unidades de longitud --
-- El tiempo y su medida --
-- Área --
-- Ángulo --
-- Figuras y cuerpos --
-- Otras medidas
505 0# - NOTA DE CONTENIDO
Información miscelánea v. 3. Cuaderno
650 #4 - ENCABEZAMIENTO DE MATERIA--TEMÁTICO
Término temático o nombre geográfico como elemento de entrada MATEMÁTICAS
Subdivisión temática general ENSEÑANZA ELEMENTAL
650 #4 - ENCABEZAMIENTO DE MATERIA--TEMÁTICO
Término temático o nombre geográfico como elemento de entrada EDUCACIÓN PRIMARIA
Subdivisión geográfica REPÚBLICA DOMINICANA
650 #4 - ENCABEZAMIENTO DE MATERIA--TEMÁTICO
Término temático o nombre geográfico como elemento de entrada MATEMÁTICAS
Subdivisión temática general ESTUDIOS Y EJERCICIOS
700 1# - ASIENTO SECUNDARIO -- NOMBRE PERSONAL
Nombre personal García de Escobar, Obdulia,
Mención de responsabilidad dir. ed.
700 1# - ASIENTO SECUNDARIO -- NOMBRE PERSONAL
Nombre personal Molina Maloon, Andrés,
Mención de responsabilidad ed.
830 #0 - ASIENTO SECUNDARIO DE SERIE--TÍTULO UNIFORME
Título uniforme Coral
910 ## - VALIDACIÓN
Validación Validado. Control de calidad MFF
942 ## - ADDED ENTRY ELEMENTS (KOHA)
Source of classification or shelving scheme Dewey Decimal Classification
Koha item type Libros
945 ## - INFORMACIÓN DE PROCESAMIENTO LOCAL
Información de procesamiento local Remanejado para la BNPHU / 2018 VM
956 ## - LOCAL ELECTRONIC LOCATION AND ACCESS (OCLC)
Nombre de host VMATEO
Número de acceso 10
Información de compresión 20150706
Inicio de sesión BPMSU
Procesador de solicitud 00151
956 ## - LOCAL ELECTRONIC LOCATION AND ACCESS (OCLC)
Nombre de host BTAVÁREZ
Número de acceso 10
Información de compresión 20160410
Inicio de sesión BPMSU
Procesador de solicitud 00127
Existencias
Withdrawn status Lost status Source of classification or shelving scheme Damaged status Not for loan Collection code Home library Current library Date acquired Source of acquisition Total Checkouts Full call number Barcode Date last seen Copy number Price effective from Koha item type
    Dewey Decimal Classification     Colección Escolar Biblioteca Pública Metropolitana Salomé Ureña Biblioteca Pública Metropolitana Salomé Ureña 03/31/2016 Donación   372.7 S237m 3ro. 2008, v. 2 Guía BPMSU16030394 03/31/2016 v. 1 03/31/2016 Libros
    Dewey Decimal Classification     Colección Escolar Biblioteca Pública Metropolitana Salomé Ureña Biblioteca Pública Metropolitana Salomé Ureña 03/31/2016 Donación   372.7 S237m 3ro. 2008 v.3 Cuaderno BPMSU16030396 03/31/2016 v. 2 03/31/2016 Libros